Нормален изглед
MARC изглед
- Джагаров, Георги Георгиев
Вход 01. Лично име
001 - Контролен номер на записа
- Контролно поле: 60395
003 - Код на организацията, даваща контролен номер
- Контролно поле: BLK
005 - Дата и час на последна промяна на записа
- Контролно поле: 20241018095044.0
008 - Данни с фиксирана дължина – обща информация
- Данни с фиксирана дължина : 180403n| acnz|abbn | aba d
100 1# - ИМЕ НА ЛИЦЕ -ПЪРВИЧНА ИНТЕЛЕКТУАЛНА ОТГОВОРНОСТ
- Лично име: Джагаров, Георги Георгиев
- Дати, свързани с автора: 1925 - 1995
- Друга информация: Поет. Драматург. Публицист. Преводач от руски език.
942 ## - Системна служебна употреба
- Koha auth type: PERSO_NAME